Substation plant and equipment; (Record no. 545467)
[ view plain ]
| 000 -LEADER | |
|---|---|
| fixed length control field | 00794cam a22001931 4500 |
| 082 ## - DEWEY DECIMAL CLASSIFICATION NUMBER | |
| Classification number | 621.3126 |
| Author Mark | PIK |
| -- | L-10, P-18 |
| 100 1# - MAIN ENTRY--PERSONAL NAME | |
| Personal name | Pike, Charles Henry. |
| 9 (RLIN) | 41325 |
| 245 10 - TITLE STATEMENT | |
| Title | Substation plant and equipment; |
| Remainder of title | a survey of the practice and principles of modern substation engineering with particular reference to recent developments, |
| Statement of responsibility, etc. | by Charles H. Pike, with 212 illustrations. |
| 260 ## - PUBLICATION, DISTRIBUTION, ETC. | |
| Place of publication, distribution, etc. | London, |
| Name of publisher, distributor, etc. | Newnes |
| Date of publication, distribution, etc. | [1943] |
| 300 ## - PHYSICAL DESCRIPTION | |
| Extent | xi, 340 p. |
| Other physical details | illus., diagrs. |
| Dimensions | 23 cm. |
| 500 ## - GENERAL NOTE | |
| General note | "First published 1943." |
| 500 ## - GENERAL NOTE | |
| General note | Pages 325-340, advertising matter. |
| 526 ## - STUDY PROGRAM INFORMATION NOTE | |
| Program name | 0 |
| Interest level | 0 |
| Reading level | 0 |
| Title point value | 621_312600000000000_PIK |
| 526 ## - STUDY PROGRAM INFORMATION NOTE | |
| Program name | 0 |
| Interest level | 0 |
| Reading level | 0 |
| Title point value | 621_312600000000000_PIK |
| 650 #0 - SUBJECT ADDED ENTRY--TOPICAL TERM | |
| Topical term or geographic name entry element | Electric apparatus and appliances. |
| 9 (RLIN) | 41326 |
| 650 #0 - SUBJECT ADDED ENTRY--TOPICAL TERM | |
| Topical term or geographic name entry element | Electric power-plants. |
| 9 (RLIN) | 35699 |
| 650 #0 - SUBJECT ADDED ENTRY--TOPICAL TERM | |
| Topical term or geographic name entry element | MCE |
| 9 (RLIN) | 379 |
| 942 ## - ADDED ENTRY ELEMENTS (KOHA) | |
| Source of classification or shelving scheme | |
| Koha item type | Book |
| Withdrawn status | Lost status | Source of classification or shelving scheme | Damaged status | Not for loan | Permanent Location | Current Location | Date acquired | Total Checkouts | Full call number | Barcode | Date last seen | Price effective from | Koha item type |
|---|---|---|---|---|---|---|---|---|---|---|---|---|---|
| Military College of Engineering (MCE) | Military College of Engineering (MCE) | 05/23/2014 | 621.3126 PIK | MCE-29505 | 05/23/2014 | 05/23/2014 | Book | ||||||
| Military College of Engineering (MCE) | Military College of Engineering (MCE) | 05/23/2014 | 621.3126 PIK | MCE-29506 | 05/23/2014 | 05/23/2014 | Book |
